| 000 | 01161nac a22002891u 4500 | ||
|---|---|---|---|
| 010 | _a 91023754 | ||
| 020 | _a0521239567 (hardback) | ||
| 020 | _a0521283698 (paperback) | ||
| 082 | 0 | 0 |
_a339.5 _bHIR |
| 090 |
_c6694 _d6694 |
||
| 100 | _aHirshleifer, Jack. | ||
| 245 | 1 | 4 |
_aThe analytics of uncertainty and information / _cJack Hirshleifer and John G. Riley. |
| 260 |
_aCambridge ; _aNew York : _bCambridge University Press,1992 _c1992. |
||
| 300 |
_axi, 465 p. : _bill. ; _c24 cm. |
||
| 440 | 0 | _aCambridge surveys of economic literature | |
| 500 | _adistributer: Al-Ahram | ||
| 504 | _aIncludes bibliographical references and indexes. | ||
| 511 | _acatalogued by: wessam | ||
| 650 | 0 | _aUncertainty. | |
| 650 | 0 | _aEquilibrium (Economics) | |
| 650 | 0 | _aDecision making. | |
| 650 | 0 | _aInformation theory in economics. | |
| 700 | 1 | _aRiley, John G. | |
| 856 | 4 | 2 |
_3Publisher description _uhttp://www.loc.gov/catdir/description/cam024/91023754.html |
| 856 | 4 | 2 |
_3Table of contents _uhttp://www.loc.gov/catdir/toc/cam022/91023754.html |
| 942 |
_cBB _k339.5HIR |
||
| 999 |
_c6694 _d6694 |
||